Les capitales du monde qui ont le même nom que leurs pays - Statistiques

Statistiques générales
  • Ce quiz a été pris 85 fois
    42 depuis la dernière actualisation
  • Le résultat moyen est 6 sur 9
Statistiques - réponses
Réponse % Correct
Monaco
92%
Luxembourg
82%
Vatican
79%
Saint-Marin
77%
Koweït
64%
Panama
62%
Djibouti
59%
Guatemala
59%
Singapour
59%
Aucun quiz correspondant
Distribution des résultats
% des personnes avec chaque résultat
Percentile par nombre de réponses
Votre historique - résultats
Vous n’avez pas pris ce quiz depuis la dernière actualisation